[Event "SLO-ch U16 Girls"]
[Site "Bled"]
[Date "2015.02.25"]
[Round "4"]
[White "Japic, Sabina"]
[Black "Drobnic, Simona"]
[Result "1/2-1/2"]
[WhiteElo "1246"]
[BlackElo "1452"]
[PlyCount "80"]
[EventDate "2015.02.21"]
[EventType "tourn"]
[EventRounds "7"]
[EventCountry "SLO"]
[SourceTitle "EXT 2023"]
[Source "ChessBase"]
[SourceDate "2022.10.05"]
[SourceVersion "1"]
[SourceVersionDate "2022.10.05"]
[SourceQuality "1"]

1. e4 e5 2. Nf3 Nc6 3. d4 exd4 4. Bc4 Nf6 5. e5 d5 6. Bb5 Ne4 7. Nxd4 Bd7 8. Bxc6 Bxc6 9. Nxc6 bxc6 10. 0-0 Be7 11. Nd2 Nc5 12. Nb3 0-0 13. Be3 Ne6 14. Nd4 Nxd4 15. Bxd4 c5 16. Be3 d4 17. Bd2 Bg5 18. Re1 Bxd2 19. Qxd2 Re8 20. Rad1 Qd5 21. b3 Rxe5 22. Rxe5 Qxe5 23. Re1 Qd5 24. Qa5 Qc6 25. Re5 c4 26. Rc5 Qb6 27. Qxb6 cxb6 28. Rxc4 Rd8 29. Kf1 Kf8 30. Rc7 a6 31. Rc6 a5 32. Ke2 Ke7 33. Kd2 b5 34. Rc5 Rb8 35. Re5+ Kd6 36. Re4 Kc5 37. a3 a4 38. b4+ Kd5 39. Kd3 Rc8 40. Re2 f6 1/2-1/2

[Event "SLO-chT2 West"]
[Site "Ljubljana"]
[Date "2014.11.09"]
[Round "9.6"]
[White "Drobnic, Simona"]
[Black "Pretnar, Bostjan"]
[Result "1/2-1/2"]
[WhiteElo "1427"]
[BlackElo "1727"]
[PlyCount "115"]
[EventDate "2014.10.17"]
[EventType "team-tourn"]
[EventRounds "9"]
[EventCountry "SLO"]
[SourceTitle "EXT 2019"]
[Source "ChessBase"]
[SourceDate "2018.10.10"]
[SourceVersion "1"]
[SourceVersionDate "2018.10.10"]
[SourceQuality "1"]
[WhiteTeam "Loska Dolina"]
[BlackTeam "Radovljica"]
[WhiteTeamCountry "SLO"]
[BlackTeamCountry "SLO"]

1. e4 Nf6 2. Nc3 d5 3. exd5 Nxd5 4. Bc4 Nf6 5. Nf3 Bg4 6. h3 Bh5 7. 0-0 e6 8. d4 Be7 9. d5 exd5 10. Nxd5 0-0 11. Nxe7+ Qxe7 12. Re1 Qc5 13. Be2 Nc6 14. Be3 Qd5 15. Qxd5 Nxd5 16. Bc5 Rfe8 17. Rad1 Nf4 18. Rd2 Nxh3+ 19. gxh3 Bxf3 20. Be3 Ne5 21. Kf1 Re6 22. Bd4 Bxe2+ 23. Rdxe2 Nf3 24. Rxe6 fxe6 25. Rd1 Rd8 26. c3 e5 27. Ke2 Ng1+ 28. Rxg1 exd4 29. cxd4 Rxd4 30. Rc1 Rb4 31. b3 c6 32. Rd1 a5 33. Rd8+ Kf7 34. Ra8 b6 35. Ra7+ Kf6 36. Kd3 Rh4 37. Ra6 Rxh3+ 38. Kd2 Rh2 39. Ke2 Rh5 40. Rxb6 Rc5 41. a3 h5 42. b4 axb4 43. axb4 Re5+ 44. Kf1 Re6 45. Kg2 Ke5 46. Kg3 g6 47. Ra6 Kd5 48. Rb6 Rd6 49. Kh4 c5 50. Rxd6+ Kxd6 51. bxc5+ Kxc5 52. f4 Kd4 53. Kg5 Ke4 54. Kxg6 h4 55. f5 h3 56. f6 h2 57. f7 h1Q 58. f8Q 1/2-1/2

[Event "Opatija op 2nd"]
[Site "Opatija"]
[Date "2014.07.02"]
[Round "4"]
[White "Causevic, Miro"]
[Black "Drobnic, Simona"]
[Result "0-1"]
[WhiteElo "1616"]
[BlackElo "1402"]
[PlyCount "57"]
[EventDate "2014.06.29"]
[EventType "swiss"]
[EventRounds "9"]
[EventCountry "CRO"]
[SourceTitle "CBM 161 Extra"]
[Source "ChessBase"]
[SourceDate "2014.08.29"]
[SourceVersion "1"]
[SourceVersionDate "2014.08.29"]
[SourceQuality "1"]

1. e4 d6 2. d4 Nf6 3. Nc3 Nbd7 4. Bg5 e5 5. Bb5 c6 6. Ba4 Be7 7. Nge2 b5 8. Bb3 b4 9. Na4 Nxe4 10. Bxe7 Qxe7 11. 0-0 0-0 12. Qd3 Nef6 13. Ng3 e4 14. Qd2 a5 15. c4 d5 16. Rfe1 Qd6 17. Nf5 Qc7 18. Qg5 g6 19. Rac1 Qd8 20. Re3 Re8 21. Qh6 Nh5 22. g4 gxf5 23. gxh5 Kh8 24. Qxc6 Qg5+ 25. Kf1 f4 26. Rh3 f3 27. cxd5 Ba6+ 28. Ke1 Qg1+ 29. Kd2 0-1

[Event "Opatija op 2nd"]
[Site "Opatija"]
[Date "2014.07.02"]
[Round "5"]
[White "Drobnic, Simona"]
[Black "Zhezhov, Emil"]
[Result "0-1"]
[WhiteElo "1402"]
[BlackElo "1742"]
[PlyCount "78"]
[EventDate "2014.06.29"]
[EventType "swiss"]
[EventRounds "9"]
[EventCountry "CRO"]
[SourceTitle "CBM 161 Extra"]
[Source "ChessBase"]
[SourceDate "2014.08.29"]
[SourceVersion "1"]
[SourceVersionDate "2014.08.29"]
[SourceQuality "1"]

1. e4 e6 2. d4 b6 3. Nc3 Bb7 4. Nf3 d6 5. g3 Nd7 6. Bg2 g6 7. Be3 Bg7 8. 0-0 a6 9. Qd2 h6 10. Rad1 Ne7 11. d5 e5 12. a4 Kf8 13. b4 Kg8 14. Na2 Kh7 15. c4 Nf6 16. Ne1 Ng4 17. f4 Nxe3 18. Qxe3 exf4 19. Rxf4 Rf8 20. Qf2 Qe8 21. a5 bxa5 22. bxa5 Bc8 23. Nd3 g5 24. Rf6 Bxf6 25. Qxf6 Ng8 26. Qf2 f5 27. Qd4 fxe4 28. Bxe4+ Bf5 29. Bxf5+ Rxf5 30. c5 Qf7 31. Nab4 Qf6 32. Qe4 Kg7 33. cxd6 cxd6 34. Rc1 Rf8 35. Rc7+ Rf7 36. Rxf7+ Kxf7 37. Nxa6 Ne7 38. Nc7 Qa1+ 39. Kg2 Qf1# 0-1

[Event "Ljubljana Autumn op"]
[Site "Ljubljana"]
[Date "2013.09.22"]
[Round "1"]
[White "Drobnic, Simona"]
[Black "Malkoc, Tilen"]
[Result "1-0"]
[WhiteElo "1379"]
[BlackElo "1362"]
[PlyCount "157"]
[EventDate "2013.09.04"]
[EventType "swiss"]
[EventRounds "9"]
[EventCountry "SLO"]
[SourceTitle "EXT 2023"]
[Source "ChessBase"]
[SourceDate "2022.10.05"]
[SourceVersion "1"]
[SourceVersionDate "2022.10.05"]
[SourceQuality "1"]

1. e4 e5 2. Nf3 Nc6 3. Bb5 d6 4. 0-0 Bd7 5. Nc3 Nf6 6. d3 Be7 7. Be3 0-0 8. h3 a6 9. Ba4 Na5 10. Bxd7 Qxd7 11. a3 Nc6 12. d4 exd4 13. Nxd4 Nxd4 14. Bxd4 d5 15. Bxf6 Bxf6 16. Qxd5 Qxd5 17. exd5 Rad8 18. Rad1 Rfe8 19. Rd3 Bxc3 20. Rxc3 Rxd5 21. Rxc7 Rd2 22. Rxb7 Rxc2 23. b3 Rc3 24. Rb1 h6 25. Ra7 Re6 26. a4 Rb6 27. Rd1 Rf6 28. b4 Rc2 29. f3 Rg6 30. g4 Rf6 31. Rd3 Rb2 32. Rb7 a5 33. b5 Ra2 34. b6 Rb2 35. Rb8+ Kh7 36. b7 Rc6 37. Rd1 Rc7 38. Ra8 Rbxb7 39. Rxa5 Ra7 40. Rxa7 Rxa7 41. Ra1 Kg6 42. Kf2 Kf6 43. Ke3 Ke5 44. f4+ Kd5 45. Kd3 g6 46. h4 f5 47. g5 hxg5 48. hxg5 Rh7 49. a5 Rh3+ 50. Ke2 Ke4 51. Ra4+ Kd5 52. a6 Rh8 53. a7 Ra8 54. Ra6 Ke4 55. Ra4+ Kd5 56. Kd3 Kc5 57. Kc3 Kb5 58. Kb3 Kb6 59. Kc4 Kc6 60. Ra6+ Kb7 61. Rxg6 Kxa7 62. Kd5 Rb8 63. Rf6 Rb5+ 64. Ke6 Kb7 65. g6 Kc8 66. g7 Rb6+ 67. Kf7 Rb7+ 68. Kg6 Rxg7+ 69. Kxg7 Kd7 70. Kf7 Kd8 71. Rd6+ Kc8 72. Ke6 Kc7 73. Ke7 Kc8 74. Rc6+ Kb7 75. Kd7 Kb8 76. Rb6+ Ka8 77. Kc6 Ka7 78. Kc7 Ka8 79. Ra6# 1-0

[Event "Ljubljana op 2nd"]
[Site "Ljubljana"]
[Date "2013.05.08"]
[Round "4"]
[White "Drobnic, Simona"]
[Black "Cerne, Peter"]
[Result "1/2-1/2"]
[WhiteElo "1347"]
[BlackElo "1417"]
[PlyCount "28"]
[EventDate "2013.04.03"]
[EventType "swiss"]
[EventRounds "9"]
[EventCountry "SLO"]
[SourceTitle "EXT 2023"]
[Source "ChessBase"]
[SourceDate "2022.10.05"]
[SourceVersion "1"]
[SourceVersionDate "2022.10.05"]
[SourceQuality "1"]

1. d4 d5 2. c4 c6 3. Nc3 Nf6 4. Nf3 g6 5. Bf4 Bg7 6. e3 0-0 7. Bd3 e6 8. 0-0 Nh5 9. Bg3 Nxg3 10. fxg3 Nd7 11. e4 e5 12. exd5 exd4 13. dxc6 dxc3 14. cxd7 Qb6+ 1/2-1/2

[Event "Ljubljana op 2nd"]
[Site "Ljubljana"]
[Date "2013.04.24"]
[Round "3"]
[White "Drobnic, Simona"]
[Black "Marn, Jan"]
[Result "1-0"]
[WhiteElo "1347"]
[BlackElo "1384"]
[PlyCount "103"]
[EventDate "2013.04.03"]
[EventType "swiss"]
[EventRounds "9"]
[EventCountry "SLO"]
[SourceTitle "EXT 2023"]
[Source "ChessBase"]
[SourceDate "2022.10.05"]
[SourceVersion "1"]
[SourceVersionDate "2022.10.05"]
[SourceQuality "1"]

1. e4 e5 2. Nf3 Nc6 3. Nc3 Nf6 4. Bb5 d6 5. Bxc6+ bxc6 6. d3 Be7 7. Be3 c5 8. 0-0 0-0 9. Rb1 Rb8 10. a3 a5 11. Qd2 c6 12. h3 Qc7 13. Ne2 d5 14. c3 d4 15. Bg5 Be6 16. Bh4 Rb7 17. Bg3 Bd6 18. Bh4 Nd7 19. cxd4 cxd4 20. Rfc1 Rfb8 21. Nexd4 exd4 22. Nxd4 Bf4 23. Bg3 Bxd2 24. Bxc7 Bxc1 25. Bxb8 Nxb8 26. Rxc1 Rxb2 27. Nxc6 Nxc6 28. Rxc6 Kf8 29. Ra6 Rb3 30. Rxa5 Rxd3 31. a4 Bb3 32. Ra8+ Ke7 33. a5 Rd4 34. f3 Bc4 35. a6 Rd6 36. a7 Ra6 37. Kf2 Bb5 38. Rh8 h6 39. a8Q Rxa8 40. Rxa8 Kf6 41. Kg3 Kg5 42. Ra5 f5 43. Rxb5 g6 44. exf5 gxf5 45. f4+ Kg6 46. Kh4 Kf6 47. Kh5 Kg7 48. Rxf5 Kh7 49. Rf7+ Kg8 50. Kg6 h5 51. h4 Kh8 52. Rf8# 1-0

[Event "Ljubljana op 2nd"]
[Site "Ljubljana"]
[Date "2013.04.23"]
[Round "1"]
[White "Milicevic, David"]
[Black "Drobnic, Simona"]
[Result "1-0"]
[WhiteElo "1660"]
[BlackElo "1347"]
[PlyCount "51"]
[EventDate "2013.04.03"]
[EventType "swiss"]
[EventRounds "9"]
[EventCountry "SLO"]
[SourceTitle "EXT 2023"]
[Source "ChessBase"]
[SourceDate "2022.10.05"]
[SourceVersion "1"]
[SourceVersionDate "2022.10.05"]
[SourceQuality "1"]

1. d4 d6 2. Bf4 Nf6 3. Nf3 Bg4 4. e3 Nc6 5. Be2 g6 6. h3 Bf5 7. c3 Bg7 8. Bd3 Bxd3 9. Qxd3 0-0 10. 0-0 Re8 11. Nbd2 e5 12. dxe5 dxe5 13. Qxd8 Raxd8 14. Bg3 e4 15. Nd4 Nxd4 16. cxd4 c5 17. Nb3 cxd4 18. exd4 Nh5 19. Bh4 Rd5 20. Rad1 e3 21. Rfe1 exf2+ 22. Bxf2 Rxe1+ 23. Rxe1 Nf4 24. Re8+ Bf8 25. Be3 Nd3 26. Bh6 1-0

[Event "Ljubljana op 2nd"]
[Site "Ljubljana"]
[Date "2013.04.17"]
[Round "2"]
[White "Krejic, Nik"]
[Black "Drobnic, Simona"]
[Result "1-0"]
[WhiteElo "1603"]
[BlackElo "1347"]
[PlyCount "35"]
[EventDate "2013.04.03"]
[EventType "swiss"]
[EventRounds "9"]
[EventCountry "SLO"]
[SourceTitle "EXT 2023"]
[Source "ChessBase"]
[SourceDate "2022.10.05"]
[SourceVersion "1"]
[SourceVersionDate "2022.10.05"]
[SourceQuality "1"]

1. d4 d6 2. c4 Nf6 3. Nc3 Nbd7 4. Nf3 e5 5. dxe5 dxe5 6. Bg5 Be7 7. e4 h6 8. Bh4 0-0 9. Qc2 Nc5 10. Rd1 Bd7 11. Nxe5 Re8 12. b4 Ncxe4 13. Bxf6 Bxf6 14. Rxd7 Qxd7 15. Nxd7 Ng3+ 16. Ne2 Nxh1 17. Nxf6+ gxf6 18. g3 1-0

[Event "SLO-ch U14 Girls"]
[Site "Murska Sobota"]
[Date "2013.02.27"]
[Round "6"]
[White "Unuk, Laura"]
[Black "Drobnic, Simona"]
[Result "1-0"]
[WhiteElo "2008"]
[BlackElo "1338"]
[PlyCount "91"]
[EventDate "2013.02.23"]
[EventType "swiss"]
[EventRounds "7"]
[EventCountry "SLO"]
[SourceTitle "EXT 2022"]
[Source "ChessBase"]
[SourceDate "2021.10.06"]
[SourceVersion "1"]
[SourceVersionDate "2021.10.06"]
[SourceQuality "1"]

1. c4 Nf6 2. Nc3 e5 3. g3 g6 4. Bg2 Bg7 5. d3 0-0 6. Nf3 Nc6 7. 0-0 d6 8. Rb1 Be6 9. b4 e4 10. Ng5 exd3 11. exd3 Bd7 12. b5 Na5 13. Bd2 Rb8 14. Nd5 Nxd5 15. Bxd5 c6 16. Bg2 Bf6 17. Ne4 Be7 18. Qa4 b6 19. Bxa5 cxb5 20. cxb5 bxa5 21. Nc3 a6 22. Bc6 axb5 23. Bxb5 Bxb5 24. Rxb5 Rxb5 25. Qxb5 Qc7 26. Nd5 Qa7 27. Rc1 Bd8 28. Rc4 Kg7 29. Kg2 Qa8 30. Rc6 Re8 31. Ra6 Qc8 32. Qxe8 Qxa6 33. Qxd8 Qxd3 34. Qf6+ Kh6 35. Qf3 Qxf3+ 36. Kxf3 f5 37. Kf4 Kg7 38. h4 Kf7 39. Ke3 Ke6 40. Kd4 h6 41. f4 Kd7 42. a4 h5 43. Ne3 Kc6 44. Nc4 d5 45. Nxa5+ Kd6 46. Nb7+ 1-0

[Event "Fiesa op 2nd"]
[Site "Fiesa"]
[Date "2012.10.28"]
[Round "4"]
[White "Grein, Bogomir"]
[Black "Drobnic, Simona"]
[Result "1-0"]
[WhiteElo "1831"]
[BlackElo "1344"]
[PlyCount "43"]
[EventDate "2012.10.26"]
[EventType "swiss"]
[EventRounds "5"]
[EventCountry "SLO"]
[SourceTitle "EXT 2015"]
[Source "ChessBase"]
[SourceDate "2014.11.20"]
[SourceVersion "1"]
[SourceVersionDate "2014.11.20"]
[SourceQuality "1"]

1. e4 d6 2. Nf3 Nf6 3. Nc3 Nbd7 4. d4 e5 5. Bc4 exd4 6. Qxd4 g6 7. Ng5 Ne5 8. Bb3 c5 9. Qd1 c4 10. Ba4+ Bd7 11. f4 Nc6 12. 0-0 Bg7 13. Qxd6 Qb6+ 14. Kh1 Rd8 15. Nb5 Rc8 16. e5 Ng4 17. h3 Nf2+ 18. Kh2 h6 19. Nxf7 Ne4 20. Qd5 a6 21. Nbd6+ Nxd6 22. Nxd6+ 1-0

[Event "Ljubljana Autumn op"]
[Site "Ljubljana"]
[Date "2012.10.02"]
[Round "4"]
[White "Varga, Ivan"]
[Black "Drobnic, Simona"]
[Result "0-1"]
[WhiteElo "1512"]
[BlackElo "1344"]
[PlyCount "62"]
[EventDate "2012.09.05"]
[EventType "swiss"]
[EventRounds "9"]
[EventCountry "SLO"]
[SourceTitle "EXT 2023"]
[Source "ChessBase"]
[SourceDate "2022.10.05"]
[SourceVersion "1"]
[SourceVersionDate "2022.10.05"]
[SourceQuality "1"]

1. e4 c5 2. Nf3 d6 3. d4 cxd4 4. Nxd4 Nf6 5. Bd3 e5 6. Nf3 Bg4 7. h3 Bh5 8. Bg5 Be7 9. Nbd2 Nc6 10. c3 d5 11. Qb3 dxe4 12. Bxe4 Nxe4 13. Nxe4 Bxf3 14. Bxe7 Qxe7 15. gxf3 0-0 16. 0-0-0 Rac8 17. Rhg1 Nd4 18. Kb1 Nxb3 19. axb3 Rfd8 20. Rde1 f5 21. Ng3 Qe6 22. c4 f4 23. Nh5 Qf5+ 24. Ka2 Qxh5 25. Rg4 Qxh3 26. Rxe5 Qxf3 27. Reg5 g6 28. Rg2 Rd2 29. Rh2 Re8 30. Rc5 Ree2 31. Rc8+ Kg7 0-1

[Event "Ljubljana Autumn op"]
[Site "Ljubljana"]
[Date "2012.09.28"]
[Round "3"]
[White "Unuk, Robert"]
[Black "Drobnic, Simona"]
[Result "1/2-1/2"]
[WhiteElo "1439"]
[BlackElo "1344"]
[PlyCount "67"]
[EventDate "2012.09.05"]
[EventType "swiss"]
[EventRounds "9"]
[EventCountry "SLO"]
[SourceTitle "EXT 2023"]
[Source "ChessBase"]
[SourceDate "2022.10.05"]
[SourceVersion "1"]
[SourceVersionDate "2022.10.05"]
[SourceQuality "1"]

1. d4 Nf6 2. c4 c5 3. d5 e6 4. Nc3 exd5 5. cxd5 d6 6. Nf3 Bg4 7. e4 Be7 8. Be2 0-0 9. 0-0 Nbd7 10. Re1 Nb6 11. Nd2 Bxe2 12. Qxe2 Re8 13. b3 Qd7 14. Bb2 Qg4 15. f3 Qg6 16. Nb5 Red8 17. Nf1 Nh5 18. Bc1 a6 19. Na3 Bf6 20. Rb1 Bc3 21. Bd2 Bd4+ 22. Kh1 Qf6 23. Red1 Nf4 24. Bxf4 Qxf4 25. Nc2 Be5 26. Nce3 Rac8 27. Ng4 c4 28. Nxe5 dxe5 29. bxc4 Nxc4 30. Rxb7 Nd6 31. Rbb1 a5 32. Qd2 Qxd2 33. Rxd2 Nc4 34. Rd3 1/2-1/2

[Event "Ljubljana Summer op II"]
[Site "Ljubljana"]
[Date "2012.08.04"]
[Round "4"]
[White "Drobnic, Simona"]
[Black "Krejic, Nik"]
[Result "0-1"]
[WhiteElo "1350"]
[BlackElo "1479"]
[PlyCount "72"]
[EventDate "2012.08.03"]
[EventType "swiss"]
[EventRounds "5"]
[EventCountry "SLO"]
[SourceTitle "EXT 2023"]
[Source "ChessBase"]
[SourceDate "2022.10.05"]
[SourceVersion "1"]
[SourceVersionDate "2022.10.05"]
[SourceQuality "1"]

1. d4 d5 2. c4 e6 3. Nf3 Nf6 4. Bg5 Be7 5. e3 Nbd7 6. Nc3 c5 7. Bxf6 Nxf6 8. dxc5 Bxc5 9. cxd5 Nxd5 10. Bb5+ Bd7 11. Nxd5 Bxb5 12. Nc3 Bc6 13. a3 0-0 14. Ne2 Bxf3 15. gxf3 Qe7 16. Qc2 Rac8 17. Qe4 Rfd8 18. 0-0 Rd2 19. Ng3 Rxb2 20. Qe5 Bxa3 21. Kh1 Rd2 22. Rg1 Bb2 23. Nf5 Qf6 24. Qxf6 Bxf6 25. Nh6+ Kf8 26. Rxa7 gxh6 27. Rxb7 Rxf2 28. Rd1 Rxf3 29. Rdd7 Be5 30. e4 Rc2 31. Rd8+ Kg7 32. Rb1 Rxh2+ 33. Kg1 Rc2 34. Kh1 h5 35. Rg1+ Kh6 36. Rf8 Rh2# 0-1